01646cam a2200433 a 4500001001300000003000700013005001700020007000700037008004100044010001700085040005500102020001500157020001800172020002500190020002800215035002000243042000900263050002400272082001200296100002300308245012900331260004600460300004200506490002800548500003100576520010100607650002100708650002400729650001900753650003800772655001900810700002000829700002000849856008600869856010000955029002101055952011901076999001701195casper00rossCaSfIA20230525154919.0cr||||941108s1995 wiua j 000 1 eng  a 94073367  aDLCcDLCdMCPdOCLdBTCTAdTOHdIHIdOCLCAdCaSfIA a0307128342 a9780307128348 a0307628345 (lib.bdg) a9780307628343 (lib.bdg) a(OCoLC)32847399 alcac00aPZ7.R7222bCas 199500a[E]2201 aRossiter, Laura M.10aCasper /h[electronic resource] cadapted by Laura M. Rossiter from the screenplay written by Sherri Stoner & Deanna Oliver. aRacine, Wis. :bWestern Pub. Co.,cc1995. a1 v. (unpaged) :bcol. ill. ;c21 cm.0 aA Golden look-look book a"A Golden book, New York." aThe adventures of Casper and the Ghostly trio when a woman inherits the mansion that they haunt. 1aGhostsvFiction. 1aHalloweenvFiction. 0aGhost stories. 0aHaunted housesvJuvenile fiction. 0aGhost stories.1 aStoner, Sherri.1 aOliver, Deanna.41uhttp://www.archive.org/details/casper00rosszFree eBook from the Internet Archive42uhttp://www.openlibrary.org/books/OL1128885MzAdditional information and access via Open Library1 aUNITYb086100343 001040708Project GutenbergaCSPCbCSPCd2023-05-25l0oPZ7.R7222 Cas 1995r2023-05-25 00:00:00w2023-05-25yEBK c19927d19927